000 00821nam a22002777a 4500
003 CHAP
005 20220329134527.0
008 971013s1948 r 00010 d
010 _a21657
011 _a22629
035 _a26724
040 _cCHAP
082 _a627.8
_bB6g
100 0 0 _aBoulder Canyon Project. Final Reports.
_914753
245 _aGeneral history and description of profect
260 _aBoulder City. Nevada :
_bDept. of the Interior,
_c1948
300 _a158 p.
_b: ilus.
490 _aPart. 1 Bull
_v; 1
590 _aBATCH-UPD
_b10
_c20130110
_lUCH01
_h1421
590 _aCONVERSION
_b10
_c20130109
_lUCH01
_h1313
650 1 4 _aPresas.
_991480
830 0 _aPart. 1 Bull
_v; 1
_985789
901 _aBK
942 _cLIBRO
949 _a627.8 B6g
_bBC
_cLIBRO
_d33724000536298
_eLIBRO
_h19136
_i26724
_si
999 _c21657
_d21657